All Vice Presidents of the Philippines - Statistics

General Stats
  • This quiz has been taken 24 times
  • The average score is 8 of 15
Answer Stats
# Years Served Answer % Correct
15th 2022 - present Sara Duterte
100%
14th 2016 - 2022 Leni Robredo
95%
13th 2010 - 2016 Jejomar Binay
79%
10th 1998 - 2001 Ma. Gloria Arroyo
68%
12th 2004 - 2010 Noli De Castro
68%
8th 1986 - 1992 Salvador Laurel
58%
5th 1957 - 1961 Diosdado Macapagal
53%
9th 1992 - 1998 Joseph Estrada
53%
4th 1953 - 1957 Carlos P. Garcia
47%
2nd 1946 -1948 Elpidio Quirino
47%
1st 1935 - 1944 Sergio Osmeña
47%
7th 1965 - 1972 Fernando Lopez
32%
3rd 1949 - 1953 Fernando Lopez
32%
6th 1961 - 1965 Emmanuel Pelaez
26%
11th 2001 - 2004 Teofisto Guingona Jr.
21%
No matching quizzes found
Score Distribution
Percent of People with Each Score
Percentile by Number Answered
Your Score History
You have not taken this quiz